| 000 | 00672nam a2200217 4500 | ||
|---|---|---|---|
| 003 | OSt | ||
| 005 | 20240723032820.0 | ||
| 006 | a | ||
| 008 | 240723b |||||||| |||| 00| 0 eng d | ||
| 020 | _a9780071267458 | ||
| 040 |
_aDWCL-Main lib. _cOC |
||
| 082 |
_2Sixth edition _aCirc. 658.1511 Z74a 2009 |
||
| 100 | _aZimmerman, Jerold L. | ||
| 245 | _aAccounting for decision making and control / | ||
| 250 | _aSixth edition | ||
| 260 |
_aBoston: _bMcGraw-Hill, _cc2009. |
||
| 300 |
_axvi, _b733 p. : ill. ; _c26 cm. |
||
| 504 | _aIncludes bibliographical references and index. | ||
| 650 | _a1. Managerial accounting. | ||
| 942 |
_2ddc _n0 _cBK-CIRC _eSixth edition _kCirc. |
||
| 999 |
_c2587 _d2587 |
||